Aspectos biológicos, ecológicos y ambientales de la laguna pampeana Sauce Grande y la cuenca media del río de influencia /

Guardado en:
Otros Autores: Cony, Noelia Leonor. (Disertante), Cáceres, Eduardo J. (Orientador)
Formato: Manuscrito
Idioma:Spanish
Publicado: 2018.
Materias:
Acceso en línea:Texto completo
Etiquetas: Agregar Etiqueta
Sin Etiquetas, Sea el primero en etiquetar este registro!
LEADER 01545ntm a22003615a 4500
001 EUN.eunm007638
008 181129s2018####ag#######bm###000#0#spa#d
005 20200702145234.0
245 1 0 |a Aspectos biológicos, ecológicos y ambientales de la laguna pampeana Sauce Grande y la cuenca media del río de influencia /  |c Noelia Leonor Cony. 
260 |c 2018. 
300 |a [7], 225, xxxvii :  |b il. col. ;  |c 30 cm. 
500 |a Director de tesis: Eduardo J. Cáceres. 
500 |a "Tesis de doctor en Biología". 
502 |a Tesis (doctoral)--Universidad Nacional del Sur. Departamento de Biología, Bioquímica y Farmacia, 2018. 
504 |a Incluye referencias bibliográficas. 
530 |a Disponible también en formato digital. 
100 1 |a Cony, Noelia Leonor.  |4 dis 
700 1 |a Cáceres, Eduardo J.  |4 ths 
710 2 |a Universidad Nacional del Sur.  |b Departamento de Biología, Bioquímica y Farmacia  |4 dgg. 
082 0 4 |a 040  |2 15 
082 0 4 |a 574.52  |2 19 
082 0 4 |a 589.62  |2 15 
650 7 |a Ecología.  |2 unbist 
650 7 |a Ecosistemas.  |2 abne 
650 7 |a Fitoplancton.  |2 Mopu 
650 7 |a Productividad.  |2 unbist 
650 7 |a Lagunas.  |2 abne 
650 7 |a Ríos.  |2 abne 
653 |a Laguna Sauce Grande (Argentina) 
653 |a Buenos Aires (Argentina : Provincia) 
856 4 1 |3 Texto completo  |u http://repositoriodigital.uns.edu.ar/handle/123456789/4431 
859 |a AR-BaUNS  |b BIB. CENTRAL - Tesis  |h 040  |i B148 2018-1611  |k R  |p 126847/018 
859 |a AR-BaUNS  |b BIB. CENTRAL - Sector A - Tesis  |h 040  |i B148 2018-1611  |p 126848/018